| 000 | 01322 a2200229 4500 | ||
|---|---|---|---|
| 020 | _a0750676957 | ||
| 040 |
_aDLC _bDLC |
||
| 082 | _a621.382 | ||
| 100 | 1 | _aDowla, Farid U. | |
| 245 | 1 | 0 |
_aHandbook of RF and wireless technologies _cFarid Dowla. |
| 246 | 3 | _aHandbook of radio frequency and wireless technologies. | |
| 246 | 3 | _aHandbook of RF and wireless technologies [electronic resource] | |
| 260 |
_aAmsterdam ; _aBoston, Mass. : _bNewnes, _c2004. |
||
| 300 |
_axxiii, 515 p. : _bill. |
||
| 520 | 1 | _a"Handbook of RF and Wireless Technologies answers the need for a thorough yet concise single-volume guide to recent developments in RF and wireless. Authored by an outstanding collection of experts - associated with Motorola, Ohio State University, Oak Ridge National Laboratory, University of Florida, Hewlett Packard Laboratories, and other leading institutions in academia and industry - this book offers detailed coverage of these important areas."--BK JACKET. | |
| 538 | _aMode of access: World Wide Web. | ||
| 538 | _aSystem requirements: Internet connectivity; World Wide Web browser. | ||
| 650 | 0 | _aWireless communication systems | |
| 650 | 0 | _aRadio frequency. | |
| 856 | 4 | 1 | _uhttp://libproxy1.nus.edu.sg/login?url=http://www.sciencedirect.com/science/book/9780750676953 |
| 942 |
_cBK _k621.382 DOW _2ddc |
||
| 999 |
_c8119 _d8119 |
||